Statistics for Former National Capitals #2

Click here to take the quiz!

General Stats

  • This quiz has been taken 17 times
  • The average score is 3 of 12

Answer Stats

CountryAnswerYears of Service% Correct
NigeriaLagos1914-1991
93%
Ivory CoastAbidjan1933-1983
79%
NriIgbo-Ukwu1043-1911
21%
Kanem-Bornu EmpireNgazargamu1472-1808
21%
TogolandAného1882-1897
14%
Ivory CoastBingerville1900-1933
14%
Guinea-BissauBoe1973-1974
14%
Portuguese GuineaBolama1879-1971
14%
Gold CoastCape Coast1664-1887
14%
Ivory CoastGrand-Bassam1893-1900
14%
Kanem-Bornu EmpireKukawa1814-1893
14%
Portuguese Cape VerdeRibeira Grande1462-1770
14%

Score Distribution

Percentile by Number Answered

Percent of People with Each Score

Your Score History

You have not taken this quiz